| 000 | 00715nam0a22002291 4500 | ||
|---|---|---|---|
| 001 | rc\2724763 | ||
| 005 | 20250529131604.0 | ||
| 035 | _a(NLR Aleph) 006852300 | ||
| 090 |
_a6759929 _c6759929 |
||
| 100 | _a20110915d1938 |||y0rusy50 ca | ||
| 101 | 0 | _arus | |
| 102 | _aRU | ||
| 105 | _aa z ||||| | ||
| 200 | 1 | _aИскусственное осеменение овец | |
| 210 |
_aМосква _cСельхозгиз _d1938 _gТип. школы ФЗУ треста "Полиграфкнига" |
||
| 215 |
_a39 с. _cил. _d21 см. |
||
| 700 | 1 |
_aОжин _bФ.В. _gФедор Васильевич |
|
| 801 | 0 |
_aRU _bNLR _gpsbo |
|
| 801 | 1 |
_aRU _bELAR _2rusmarc |
|
| 852 |
_aNLR _j38-10/1205 |
||
| 942 | _cBOOK | ||
| 980 | _aNB | ||